000 00749nam a2200241 i 4500
001 bg
100 1 _aGrabowski, Wojciech
_c(drogownictwo).
245 1 0 _aStruktura a właściwości funkcjonalne wypełniaczy mineralnych stosowanych w drogownictwie /
_cWojciech Grabowski.
260 _aPoznań :
_bWydawnictwo Politechniki Poznańskiej,
_c2007.
300 _a132 s. :
_bil. ;
_c24 cm.
504 _aBibliogr. s. 127-132.
650 9 _aDrogi asfaltowe
_xmateriały
650 9 _aWypełniacze
015 _aPB 9818/2007
020 _a9788371432774
040 _cBPK
041 _apol
080 _a625.8:665.6/.7
920 _a978-83-7143-277-4
920 _a978-83-7143-277-4
942 _cKS
008 070430s2007 pl a |000 0 pol
999 _c54053
_d54053
856 _uhttp://koha.tu.koszalin.pl/cgi-bin/koha/opac-detail.pl?biblionumber=54053
_yKatalog online BPK